书目信息 |
| 题名: |
环境保护
|
|
| 作者: | 王紫零 著 | |
| 分册: | ||
| 出版信息: | 北京 知识产权出版社 2015 |
|
| 页数: | 278页 | |
| 开本: | 24cm | |
| 丛书名: | ||
| 单 册: | ||
| 中图分类: | D912.604 | |
| 科图分类: | ||
| 主题词: | 环境保护法--huan jing bao hu fa--研究 | |
| 电子资源: | ||
| ISBN: | 978-7-5130-3544-6 | |
| 000 | 01009nam0 22002411 450 | |
| 001 | 0127154621 | |
| 005 | 20170327154621.0 | |
| 010 | @a978-7-5130-3544-6@dCNY48.00 | |
| 100 | @a20151218d2015 em y0chiy50 ea | |
| 101 | 0 | @achi |
| 102 | @aCN@b110000 | |
| 105 | @ay z 000yy | |
| 106 | @ar | |
| 200 | 1 | @a环境保护@Ahuan jing bao hu@e一种法经济学的思路@f王紫零著 |
| 210 | @a北京@c知识产权出版社@d2015 | |
| 215 | @a278页@d24cm | |
| 330 | @a本书对近些年来为读者所关注的、敏感复杂的一种社会问题——环境保护做了广泛而系统的研究:不仅从经济学与法学的结合上思考了这一问题,寻求解决的办法,而且运用西方经济学和环保科学的许多新理论、新概念来分析我国的环境保护问题;运用几种主要的经济学理论对自然资源、生态环境做了深刻的法经济学的分析。 | |
| 517 | 1 | @a一种法经济学的思路@Ayi zhong fa jing ji xue de si lu |
| 606 | 0 | @a环境保护法@Ahuan jing bao hu fa@x研究 |
| 690 | @aD912.604@v5 | |
| 701 | 0 | @a王紫零@Awang zi ling@c(女,@f1976~)@4著 |
| 801 | 0 | @aCN@bTANGWEI@c20170325 |
| 905 | @b0963379-81@dD912.604@e708@f3 | |
| 环境保护:一种法经济学的思路/王紫零著.-北京:知识产权出版社,2015 |
| 278页;24cm |
| ISBN 978-7-5130-3544-6:CNY48.00 |
| 本书对近些年来为读者所关注的、敏感复杂的一种社会问题——环境保护做了广泛而系统的研究:不仅从经济学与法学的结合上思考了这一问题,寻求解决的办法,而且运用西方经济学和环保科学的许多新理论、新概念来分析我国的环境保护问题;运用几种主要的经济学理论对自然资源、生态环境做了深刻的法经济学的分析。 |
| ● |
| 相关链接 |
|
|
|
|
正题名:环境保护
索取号:D912.604/708
 
预约/预借
| 序号 | 登录号 | 条形码 | 馆藏地/架位号 | 状态 | 备注 |
| 1 | 0963379 | 209633798 | 第一样本阅览室/ [索取号:D912.604/708] | 在馆 | |
| 2 | 0963380 | 209633805 | 第一借阅区/ [索取号:D912.604/708] | 在馆 | |
| 3 | 0963381 | 209633814 | 密集书库-史法系/ [索取号:D912.604/708] | 在馆 |